000 00917cam a22001934a 4500
005 20250605164217.0
008 250528s ||||||||||||||||||||||||d
035 _a20521
020 _a674821319
040 _aGR-AtMCL
_bgre
_dGR-AtMCL
_eAACR2
245 1 _aSophisticated Rebels / The Political Culture of European Dissent - 1968-1987
260 _bHarvard University Press,
_c1990
300 _a172
520 _aA vivid picture of people who ''had in common a resolute moral sense''. Preface, ''The Moral Equivalent of War'', The Parisian Scene: The Return of the Novel, The Torment of a Foreign Underclass, The Reassertion of Historic Cultures: The Case of Wales, The Pope and His Antagonists, The Sixteen Monts of Solidarity, The Frustration of Soviet Dissent, Democratic Socialism: North and South, Notes, Index.
700 1 _aHughes H. Stuart
_96509
942 _cBK
999 _c5621
_d5621